000 00675nam a22002537a 4500
001 BR6007555
003 BR-BrBNA
005 20230928083302.0
007 ta
008 230509b bl.||||| |||| 00| 0 por d
040 _aBR-BrBNA
_bpor
_cBiblioteca Nacional de Agricultura
041 _a(Por)
072 _aE50; E70
_b/G514
090 _ E50 BR6007555
100 1 _aAmaral, L.
245 1 _aTratado brasileiro de cooperativismo
260 3 _aSao Paulo, SP (Brasil):
_bRevista dos Tribunais,
_c1938.
300 _a498 p.
650 _aSociologia rural
650 _aComercializacao
650 _aCooperativa
909 _a202309
_bLucia
_c55
_dLucia Elande
942 _cBK
999 _c12585
_d12585